000 01127nam a2200325 c 4500
003 BLK
005 20250714114006.0
008 180412b bul|||||r ||||||| ||bul||
010 _aKNG00015329000
040 _aBLK
041 _aBUL
_cBUL
080 _aАмериканска литература (на САЩ)
_b821.111(73)
_x-312.4
_z821.111(73)-312.4
100 _aШелдън, Сидни
_9243637
700 1 _aЕнева, Мария
_eпрев. от англ.
_9258558
139 _aШелдън, Сидни
_bШ 51
245 1 0 _aОстро убождане
_bРоман
_cСидни Шелдън; прев. от англ. Мария Енева.
257 _aUSA
260 София
_bМарена
_c1996
300 _a198 с.
_c20 см
380 _aX
500 _aОриг. загл. The Prick / Sidney Sheldon . - 5 000 тир.
653 _aтрилъри
653 _aромани
852 _aЦб 189867
856 4 _qpdf
_u
856 4 _qpdf
_u
942 _cKNG
_n0
_030
944 _aCR
_c23.06.2003
_lМоника Янева
_k30570
944 _aED
_c13.06.2013
_lф /
_k
999 _c13663
_d13663